Największe miasta nad Wisłą - Statystyki

Ogólne statystyki
  • Ten quiz został rozwiązany 23 razy
  • Średni wynik to 8 z 9
Statystyki odpowiedzi
Województwo Miasto % Poprawnych
Pomorskie Gdańsk
100%
Małopolskie Kraków
100%
Mazowieckie Warszawa
100%
Kujawsko-Pomorskie Bydgoszcz
95%
Mazowieckie Płock
95%
Kujawsko-Pomorskie Toruń
95%
Kujawsko-Pomorskie Włocławek
91%
Kujawsko-Pomorskie Grudziądz
64%
Pomorskie Tczew
64%
Nie znaleziono quizów pasujących do podanych kryteriów
Rozkład punktacji
Procent ludzi z każdym wynikiem
Percentyl według liczby udzielonych odpowiedzi
Twoja historia wyników
Nie rozwiązałeś tego quizu